Mechanics of Materials (Record no. 1254)

MARC details
000 -LEADER
Fixed length control field 00468nam a2200181 4500
003 - CONTROL NUMBER IDENTIFIER
Control field SEACOMMC
005 - DATE AND TIME OF LATEST TRANSACTION
Control field 20260326135051.0
008 - FIXED-LENGTH DATA ELEMENTS--GENERAL INFORMATION
Fixed length control field 260326b |||||||| |||| 00| 0 eng d
020 ## - INTERNATIONAL STANDARD BOOK NUMBER / ISBN
International Standard Book Number 978-0131913455
040 ## - CATALOGING SOURCE
Original cataloging agency SEACOMMC
082 ## - DEWEY DECIMAL CLASSIFICATION NUMBER
Classification number 620.1123
Book Number R968
100 ## - MAIN ENTRY--PERSONAL NAME
Personal name Hibbeler, Russell C.
245 ## - TITLE STATEMENT
Title Mechanics of Materials
Statement of responsibility Russell C. Hibbeler
250 ## - EDITION STATEMENT
Edition statement 6th ed.
260 ## - IMPRINT
Place of publication Delhi
Name of publisher Pearson
Date of publication 2005
300 ## - PHYSICAL DESCRIPTION
Page / Vol. No 896 p
Dimensions 19.69 x 3.18 x 23.5 cm
942 ## - ADDED ENTRY ELEMENTS (KOHA)
Koha item type Gifted/Donated Books
Holdings
Withdrawn status Lost status Source of classification Damaged status Not for loan Home library Current library Date acquired Total Checkouts Call number Accession number Date last seen Copy number Price effective from Koha item type
    Dewey Decimal Classification     SEACOM MANAGEMENT COLLEGE SEACOM MANAGEMENT COLLEGE 26/03/2026   620.1123 R968 G24 26/03/2026 1 26/03/2026 Gifted/Donated Books
© Seacom Engineering College, All rights reserved.    Powered by Koha